|
|
|
|
| LEADER |
00000nam0a2200000 4500 |
| 001 |
87120 |
| 005 |
20231031102035.0 |
| 035 |
|
|
|a (RuTPU)RU\TPU\book\93540
|
| 090 |
|
|
|a 87120
|
| 100 |
|
|
|a 20051205d1982 m y0rusy50 ca
|
| 101 |
1 |
|
|a rus
|c eng
|
| 102 |
|
|
|a RU
|
| 105 |
|
|
|a a z 001zy
|
| 200 |
1 |
|
|a Индустриальные смазочные материалы
|e пер. с англ.
|f М. Биллитт
|
| 210 |
|
|
|a Москва
|c Машиностроение
|d 1982
|
| 215 |
|
|
|a 134 с.
|c ил.
|
| 320 |
|
|
|a Библиогр.: с. 132.
|
| 610 |
1 |
|
|a смазочные материалы
|
| 610 |
1 |
|
|a промышленные материалы
|
| 610 |
1 |
|
|a масла
|
| 610 |
1 |
|
|a теплопередача
|
| 610 |
1 |
|
|a испытания
|
| 610 |
1 |
|
|a терминология
|
| 610 |
1 |
|
|a стандарты
|
| 610 |
1 |
|
|a промышленные масла
|
| 675 |
|
|
|a 621.892
|v 3
|
| 700 |
|
1 |
|a Биллитт
|b М.
|
| 702 |
|
1 |
|a Кондаков
|b Л. А.
|4 340
|
| 801 |
|
1 |
|a RU
|b 63413507
|c 20051205
|g PSBO
|
| 801 |
|
2 |
|a RU
|b 63413507
|c 20090925
|g PSBO
|
| 942 |
|
|
|c BK
|